000 00409nam a2200157Ia 4500
003 GCL
008 140319s9999 xx 000 0 ara d
040 _aGCL /
_cGCL
082 0 4 _aد
_b050
100 1 _aالسيد ابو النجا
245 1 0 _aذكريات عارية (اقرا 346 ) /
_cالسيد ابو النجا
300 _a160
490 _aاقرأ
_v0
650 0 4 _aالقصص
942 _2ddc
_cBK
999 _c48553
_d48553